[Event "NRW Class2 1617"]
[Site "Germany"]
[Date "2016.09.25"]
[Round "1.6"]
[White "Homs, Guust"]
[Black "Tkachuk, Sergij"]
[Result "1-0"]
[WhiteElo "2185"]
[BlackElo "2195"]
[PlyCount "51"]
[EventDate "2016.09.25"]
[EventType "team-tourn"]
[EventRounds "9"]
[EventCountry "GER"]
[SourceTitle "EXT 2023"]
[Source "ChessBase"]
[SourceDate "2022.10.05"]
[SourceVersion "1"]
[SourceVersionDate "2022.10.05"]
[SourceQuality "1"]
[WhiteTeam "Erkenschwick"]
[BlackTeam "Bochum SG II"]
[WhiteTeamCountry "GER"]
[BlackTeamCountry "GER"]

1. e4 c5 2. c3 g6 3. d4 cxd4 4. cxd4 d5 5. exd5 Nf6 6. Bb5+ Nbd7 7. Nc3 a6 8. Be2 Nb6 9. Bf3 Nfxd5 10. Nge2 Bg7 11. 0-0 0-0 12. Bg5 f6 13. Bd2 Be6 14. Ne4 Bf7 15. Ba5 Qb8 16. Rc1 Qa7 17. Nc5 Bh6 18. Bd2 Bxd2 19. Qxd2 Rfd8 20. Rfe1 Rac8 21. Nf4 Rc7 22. Nfe6 Bxe6 23. Nxe6 Rxc1 24. Qxc1 Rd6 25. Bxd5 Rxd5 26. Qh6 1-0

[Event "NRW Class1 1516"]
[Site "Germany"]
[Date "2015.11.22"]
[Round "3.5"]
[White "Bee, Marcus"]
[Black "Homs, Guust"]
[Result "1/2-1/2"]
[WhiteElo "2175"]
[BlackElo "2186"]
[PlyCount "34"]
[EventDate "2015.09.27"]
[EventType "team-tourn"]
[EventRounds "9"]
[EventCountry "GER"]
[SourceTitle "EXT 2017"]
[Source "ChessBase"]
[SourceDate "2016.10.25"]
[SourceVersion "1"]
[SourceVersionDate "2016.10.25"]
[SourceQuality "1"]
[WhiteTeam "Katernberg II"]
[BlackTeam "Erkenschwick"]
[WhiteTeamCountry "GER"]
[BlackTeamCountry "GER"]

1. Nf3 d5 2. c4 e6 3. g3 Nf6 4. Bg2 Be7 5. 0-0 0-0 6. d4 c6 7. Qc2 Nbd7 8. Rd1 Ne4 9. b3 f5 10. Ne1 Ndf6 11. f3 Nd6 12. Nd3 Bd7 13. Ne5 Be8 14. Nc3 Bh5 15. h3 Be8 16. Kh2 Kh8 17. Be3 Rc8 1/2-1/2

[Event "Oberliga NRW 1314"]
[Site "Germany"]
[Date "2013.10.06"]
[Round "2.6"]
[White "Nachbar, Benjamin"]
[Black "Homs, Guust"]
[Result "1/2-1/2"]
[WhiteElo "2133"]
[BlackElo "2174"]
[PlyCount "56"]
[EventDate "2013.09.15"]
[EventType "team-tourn"]
[EventRounds "9"]
[EventCountry "GER"]
[SourceTitle "EXT 2015"]
[Source "ChessBase"]
[SourceDate "2014.11.20"]
[SourceVersion "1"]
[SourceVersionDate "2014.11.20"]
[SourceQuality "1"]
[WhiteTeam "Muelheim II"]
[BlackTeam "Erkenschwick"]
[WhiteTeamCountry "GER"]
[BlackTeamCountry "GER"]

1. c4 e6 2. d4 d5 3. Nc3 Nf6 4. Bg5 Be7 5. e3 Nbd7 6. Nf3 0-0 7. Rc1 a6 8. cxd5 exd5 9. Bd3 b6 10. 0-0 Bb7 11. Qc2 g6 12. Bxf6 Nxf6 13. Ne5 c5 14. f4 cxd4 15. exd4 Ne4 16. Kh1 f5 17. Bxe4 dxe4 18. Qb3+ Kg7 19. Ne2 Bd5 20. Nc6 Bxb3 21. Nxd8 Bxa2 22. Nc6 Bd6 23. Kg1 Rfc8 24. Ne5 a5 25. Kf2 a4 26. Nc3 Bb3 27. Nb5 Bb4 28. Ke3 h6 1/2-1/2

[Event "Oberliga NRW 1213"]
[Site "Germany"]
[Date "2012.11.18"]
[Round "3.5"]
[White "Sundorf, Jannik"]
[Black "Homs, Guust"]
[Result "1-0"]
[WhiteElo "2165"]
[BlackElo "2159"]
[PlyCount "65"]
[EventDate "2012.09.16"]
[EventType "team-tourn"]
[EventRounds "9"]
[EventCountry "GER"]
[SourceTitle "EXT 2017"]
[Source "ChessBase"]
[SourceDate "2016.10.25"]
[SourceVersion "1"]
[SourceVersionDate "2016.10.25"]
[SourceQuality "1"]
[WhiteTeam "Dortmund Hansa II"]
[BlackTeam "Erkenschwick"]
[WhiteTeamCountry "GER"]
[BlackTeamCountry "GER"]

1. d4 d5 2. Nf3 Nf6 3. c4 e6 4. g3 dxc4 5. Bg2 c5 6. 0-0 Nc6 7. dxc5 Qxd1 8. Rxd1 Bxc5 9. Nbd2 c3 10. bxc3 0-0 11. Nb3 Bb6 12. Nfd4 Rd8 13. Bg5 Bd7 14. Nb5 h6 15. Bxf6 gxf6 16. Nd6 Bc8 17. c4 Rb8 18. c5 Bc7 19. Nb5 Be5 20. Rxd8+ Nxd8 21. Rd1 Nc6 22. Bxc6 bxc6 23. Rd8+ Kg7 24. Nd6 Rxb3 25. axb3 Ba6 26. Rd7 Bxe2 27. Nxf7 Bc3 28. Ne5+ Kg8 29. Nxc6 a6 30. Nd4 Bg4 31. f3 Bh3 32. c6 e5 33. g4 1-0

[Event "Oberliga NRW 1213"]
[Site "Germany"]
[Date "2012.09.16"]
[Round "1.5"]
[White "Wessendorf, Thomas"]
[Black "Homs, Guust"]
[Result "0-1"]
[WhiteElo "2206"]
[BlackElo "2159"]
[PlyCount "64"]
[EventDate "2012.09.16"]
[EventType "team-tourn"]
[EventRounds "9"]
[EventCountry "GER"]
[SourceTitle "EXT 2017"]
[Source "ChessBase"]
[SourceDate "2016.10.25"]
[SourceVersion "1"]
[SourceVersionDate "2016.10.25"]
[SourceQuality "1"]
[WhiteTeam "Katernberg II"]
[BlackTeam "Erkenschwick"]
[WhiteTeamCountry "GER"]
[BlackTeamCountry "GER"]

1. e4 e5 2. Nf3 Nc6 3. Bc4 Bc5 4. b4 Bxb4 5. c3 Ba5 6. d4 d6 7. Qb3 Qd7 8. dxe5 Bb6 9. 0-0 Na5 10. Qb4 Nxc4 11. Qxc4 dxe5 12. Nxe5 Qe6 13. Bf4 Nf6 14. Qe2 0-0 15. Nd2 Rd8 16. h3 Bd7 17. a4 Bc6 18. Nxc6 Qxc6 19. a5 Bc5 20. a6 b6 21. Rfe1 Rd7 22. Nc4 Re7 23. Ne5 Qe8 24. Ng4 Nxe4 25. Qf3 Rd8 26. Be3 Nxc3 27. Rec1 Rd3 28. Rxc3 Rxc3 29. Nf6+ gxf6 30. Qxf6 Bxe3 31. fxe3 Rc5 32. Rd1 Rd7 0-1

[Event "Oberliga NRW 1112"]
[Site "Germany"]
[Date "2012.01.08"]
[Round "5.5"]
[White "Michalczak, Thomas"]
[Black "Homs, Guust"]
[Result "1/2-1/2"]
[WhiteElo "2329"]
[BlackElo "2159"]
[PlyCount "39"]
[EventDate "2011.09.18"]
[EventType "team-tourn"]
[EventRounds "9"]
[EventCountry "GER"]
[SourceTitle "EXT 2015"]
[Source "ChessBase"]
[SourceDate "2014.11.20"]
[SourceVersion "1"]
[SourceVersionDate "2014.11.20"]
[SourceQuality "1"]
[WhiteTeam "Solingen II"]
[BlackTeam "Erkenschwick"]
[WhiteTeamCountry "GER"]
[BlackTeamCountry "GER"]

1. e4 e5 2. Nf3 Nc6 3. Bb5 a6 4. Ba4 d6 5. Bxc6+ bxc6 6. d4 f6 7. Nc3 Ne7 8. Qd3 Be6 9. dxe5 fxe5 10. Ng5 Bg8 11. 0-0 Ng6 12. Qh3 h6 13. Ne6 Qd7 14. Nxf8 Qxh3 15. gxh3 Kxf8 16. f4 Bc4 17. Rf2 exf4 18. Bxf4 Ke7 19. Bg3 Rhf8 20. Re1 1/2-1/2

[Event "NRW Class2 1011"]
[Site "Germany"]
[Date "2011.04.03"]
[Round "9.6"]
[White "Homs, Guust"]
[Black "Noetzel, Frank"]
[Result "1/2-1/2"]
[WhiteElo "2187"]
[BlackElo "2269"]
[PlyCount "33"]
[EventDate "2010.09.26"]
[EventType "team-tourn"]
[EventRounds "9"]
[EventCountry "GER"]
[SourceTitle "EXT 2012"]
[Source "ChessBase"]
[SourceDate "2011.11.24"]
[SourceVersion "1"]
[SourceVersionDate "2011.11.24"]
[SourceQuality "1"]
[WhiteTeam "Erkenschwick"]
[BlackTeam "Elberfeld"]
[WhiteTeamCountry "GER"]
[BlackTeamCountry "GER"]

1. e4 e5 2. Nf3 Nc6 3. Nc3 g6 4. d4 exd4 5. Nxd4 Bg7 6. Nxc6 bxc6 7. Bc4 Ne7 8. Bg5 h6 9. Be3 0-0 10. 0-0 d6 11. Qd2 Kh7 12. Bd4 Be6 13. Bxg7 Kxg7 14. Bb3 c5 15. Bd5 Rb8 16. b3 Rb4 17. Bxe6 1/2-1/2

[Event "NRW Class1 0809"]
[Site "Germany"]
[Date "2009.01.04"]
[Round "5.5"]
[White "Coenen, Michael"]
[Black "Homs, Guust"]
[Result "1-0"]
[WhiteElo "2176"]
[BlackElo "2192"]
[PlyCount "55"]
[EventDate "2008.09.21"]
[EventType "team-tourn"]
[EventRounds "9"]
[EventCountry "GER"]
[SourceTitle "EXT 2010"]
[Source "ChessBase"]
[SourceDate "2010.11.25"]
[SourceVersion "1"]
[SourceVersionDate "2010.11.25"]
[SourceQuality "1"]
[WhiteTeam "Koeln Porz II"]
[BlackTeam "Erckenschwick"]
[WhiteTeamCountry "GER"]
[BlackTeamCountry "GER"]

1. e4 e5 2. Nf3 Nc6 3. Bb5 f5 4. Nc3 fxe4 5. Nxe4 Nf6 6. Nxf6+ Qxf6 7. 0-0 Be7 8. Bxc6 dxc6 9. Qe1 0-0 10. Nxe5 Bf5 11. c3 c5 12. d4 Rad8 13. Be3 Qe6 14. f4 cxd4 15. cxd4 Bd6 16. Qc3 Be4 17. Rf2 h5 18. Re1 h4 19. Bd2 Qd5 20. Qh3 c5 21. Qxh4 cxd4 22. Rfe2 Bf5 23. g4 d3 24. Re3 Bh7 25. Rh3 Bc5+ 26. Be3 Rxf4 27. Qxh7+ Kf8 28. Ng6+ 1-0

[Event "NRW Class1 0809"]
[Site "Germany"]
[Date "2008.09.21"]
[Round "1.6"]
[White "Homs, Guust"]
[Black "Lehmann, Martin"]
[Result "1/2-1/2"]
[WhiteElo "2192"]
[BlackElo "1978"]
[PlyCount "47"]
[EventDate "2008.09.21"]
[EventType "team-tourn"]
[EventRounds "9"]
[EventCountry "GER"]
[SourceTitle "EXT 2010"]
[Source "ChessBase"]
[SourceDate "2010.11.25"]
[SourceVersion "1"]
[SourceVersionDate "2010.11.25"]
[SourceQuality "1"]
[WhiteTeam "Erckenschwick"]
[BlackTeam "Brackweda"]
[WhiteTeamCountry "GER"]
[BlackTeamCountry "GER"]

1. e4 e5 2. Nf3 Nc6 3. Bb5 a6 4. Ba4 Nf6 5. 0-0 Nxe4 6. d4 b5 7. Bb3 d5 8. Nc3 Nxc3 9. bxc3 e4 10. Ng5 Bf5 11. f3 e3 12. f4 Qd7 13. a4 Rd8 14. axb5 axb5 15. Qe2 Be7 16. Nf3 Rb8 17. Bxe3 0-0 18. Ra6 Rfe8 19. Qf2 Bf6 20. Ne5 Bxe5 21. fxe5 Bg6 22. Bg5 Re6 23. Rfa1 Be4 24. g3 1/2-1/2

[Event "Ruhrgebiet Regionalliga 0708"]
[Site "Germany"]
[Date "2007.11.25"]
[Round "3.6"]
[White "Busche, Klaus"]
[Black "Homs, Guust"]
[Result "0-1"]
[WhiteElo "2177"]
[BlackElo "2196"]
[PlyCount "96"]
[EventDate "2007.09.16"]
[EventType "team"]
[EventRounds "9"]
[EventCountry "GER"]
[SourceTitle "EXT 2009"]
[Source "ChessBase"]
[SourceDate "2008.11.26"]
[SourceVersion "1"]
[SourceVersionDate "2008.11.26"]
[SourceQuality "1"]
[WhiteTeam "Ahlen"]
[BlackTeam "Erkenschwick"]
[WhiteTeamCountry "GER"]
[BlackTeamCountry "GER"]

1. d4 d5 2. c4 e6 3. Nc3 Nf6 4. cxd5 exd5 5. Nf3 c6 6. Bg5 Be7 7. e3 Bf5 8. Bd3 Bxd3 9. Qxd3 Nbd7 10. 0-0 0-0 11. a3 Ne4 12. Bxe7 Qxe7 13. Nd2 f5 14. f3 Nxd2 15. Qxd2 a5 16. b3 Rf6 17. Rfe1 Re6 18. f4 Re8 19. Nd1 b6 20. Qd3 Qh4 21. Nf2 Qxf4 22. Nd1 Qg5 23. Rf1 g6 24. b4 axb4 25. axb4 b5 26. Rf3 Nf6 27. Ra3 Ne4 28. g3 Qe7 29. Rb3 Ra8 30. Ra3 Re8 31. Rb3 Nd6 32. h4 Nc4 33. Qc2 Ra8 34. Qc3 Kg7 35. Rf2 Ra4 36. Kg2 Qa7 37. h5 Ra1 38. Qc2 Rxd1 39. Qxd1 Nxe3+ 40. Rxe3 Rxe3 41. Qd2 Qa3 42. h6+ Kf6 43. Qc2 Rxg3+ 44. Kf1 Qd3+ 45. Qxd3 Rxd3 46. Rc2 Rxd4 47. Rxc6+ Kg5 48. Rc5 Rxb4 0-1